House price fall accelerates (Record no. 17181)

MARC details
000 -LEADER
fixed length control field 00812cab a2200229 4500
001 - CONTROL NUMBER
control field WB2902-36
008 - FIXED-LENGTH DATA ELEMENTS--GENERAL INFORMATION
fixed length control field 090401t1993 xxu||||| |||| 00| 0 eng d
035 ## - SYSTEM CONTROL NUMBER
System control number (Sirsi) u25578
041 ## - LANGUAGE CODE
Language code of text/sound track or separate title eng
245 ## - TITLE STATEMENT
Title House price fall accelerates
260 ## - PUBLICATION, DISTRIBUTION, ETC.
Date of publication, distribution, etc. 1993
350 ## - PRICE (NR) (BK AM CF MU VM SE) [OBSOLETE]
Price 0
490 ## - SERIES STATEMENT
Series statement Daily Express
Volume/sequential designation 13 January 1993, 21
490 ## - SERIES STATEMENT
Series statement Financial Times
Volume/sequential designation 13 January 1993, 7
490 ## - SERIES STATEMENT
Series statement Times
Volume/sequential designation 15 January 1993, 2(2)
520 ## - SUMMARY, ETC.
Summary, etc. House prices fell 4.3% in the final quarter of last year following reimposition of stamp duty on house purchases and Britain`s exit from the exchange rate mechanism according to the Halifax Building Society.
650 ## - SUBJECT ADDED ENTRY--TOPICAL TERM
Topical term or geographic name entry element HOUSE PRICES
650 ## - SUBJECT ADDED ENTRY--TOPICAL TERM
Topical term or geographic name entry element STAMP DUTY
690 ## - LOCAL SUBJECT ADDED ENTRY--TOPICAL TERM (OCLC, RLIN)
Topical term or geographic name as entry element PROPERTY-RESIDENTIAL PROPERTY-RESIDENTIAL PROPERTY MARKET
942 ## - ADDED ENTRY ELEMENTS (KOHA)
Suppress in OPAC 0
948 ## - LOCAL PROCESSING INFORMATION (OCLC); SERIES PART DESIGNATOR (RLIN)
c (OCLC) 04/03/1997
Holdings
Withdrawn status Lost status Source of classification or shelving scheme Damaged status Not for loan Home library Current library Shelving location Date acquired Total Checkouts Full call number Barcode Date last seen Copy number Price effective from Koha item type
    Dewey Decimal Classification     London London News article 14/09/1999   WB2902-36 25578-1001 06/08/2019 1 06/08/2019 News article